00783nam a2200229 a 4500001001000000005001700010008004100027041000800068044000800076050002400084100003200108245004300140260004400183300003000227440013300257500003400390500000800424504003100432600003300463650002500496710003200521BRCA_681020190320205612.0081208s1952----nyua######---#000-0#eng-# aeng anyu 4aND813.R5b.T73 19521 aTrapier, Elizabeth du Gué10aRiberacby Elizabeth du Gué Trapier. aNueva YorkbOrder of the Trusteesc1952 axiii, 306 p.bil.c27 cm. 0aHispanic Notes & Monographs: essays, studies, and brief biographies issued by The Hispanic Society of America. Peninsular series aIncluye índice alfabético aN22 aBibliografía: p. 286-29614aRibera, José ded1591-165214aPintores españoles2 aHispanic Society of America